000 00275nam a22001337a 4500
008 210518b ||||| |||| 00| 0 eng d
041 _aeng
080 _a7
082 _a7
100 _a44
101 _aART
245 _aSalzburg a portrait
_cBurgwyn,D
942 _2udc
_cBK
999 _c57384
_d57384